00470nam a2200133 a 450000500170000000800410001702000180005805000220007610000160009824500440011426000320015852001220019065000240031220140412111327.0110128s19uu xx 00 eng d a0-670-83865-9 aTR(PS EbSm1 1993 aSweat, Lynn aThe Smallest Stegosaurus /cLynn Sweat. aU.S.A :bPenguin,c199332p. aAlthough he is small , a baby stegosaurus wants to find a way to help his family like the other big strong dinosaurs. aDinosaurs - fiction